000 00797nam a22002537a 4500
001 13118
003 HDC
007 cr bn ---
008 210212 my |0 eneng
040 _aHDC
110 _aJabatan Perdana Menteri
245 0 _aEKONOMI MALAYSIA:
_bFAKTA DAN MAKLUMAT
260 _aMalaysia :
_bJabatan Perdana Menteri,
_c2008
300 _a91 pages
336 _atext
_2rdacontent
337 _acomputer
_2rdamedia
338 _aonline resource
_2rdacarrier
650 _aBusiness Indicators
_913945
650 _aEconomy
_91877
856 _zRequest full-text at [email protected]
942 _2lcc
942 _cEBOOK
942 _kEBOK 002068
999 _c10434
_d10434